| 000 | 01195nam0a22003011 4500 | ||
|---|---|---|---|
| 001 | RU\NLR\INFOCOMM_253\5000004030 | ||
| 005 | 20250613092247.0 | ||
| 010 |
_919010 экз. _a5-03-000626-5 |
||
| 035 | _a(NLR Aleph) 009154976 | ||
| 090 |
_a8418225 _c8418225 |
||
| 100 | _a20100124d1988 |||y0rusy50 ca | ||
| 101 | 1 | _aspa | |
| 102 | _aRU | ||
| 105 | _aa ||||000|y | ||
| 200 | 1 |
_aManual de matemáticas para ingenieros y estudiantes _fI. Bronshtein, K. Semendiaev _gVersión esp. de Inés Harding Rojas, prof. |
|
| 205 | _a4-a [!] reimpr. | ||
| 210 |
_aΜ. _cMir _d1988 |
||
| 215 |
_a696 с. _cил. |
||
| 300 | _aВ вып. дан.: Справочник по математике для инженеров и учащихся вузов / Илья Николаевич Бронштейн, Константин Адольфович Семендяев | ||
| 700 | 1 |
_9z03790 _aBronštein _bI. N. _gIl'ja Nikolaevič _4070 |
|
| 701 | 1 |
_9z04790 _aSemendjaev _bK. A. _gKonstantin Adol'fovič _4070 |
|
| 790 | 1 |
_9z03700 _aBronshtein _bI. _4070 |
|
| 790 | 1 |
_9z04701 _aSemendiaev _bK. _4070 |
|
| 801 | 1 |
_aRU _bNLR _c20100124 |
|
| 801 | 0 |
_aRU _bNLR _gPSBO |
|
| 852 |
_aNLR _jМт01 Д-1/60 |
||
| 942 | _cBOOK | ||
| 980 | _aNB | ||